| 000 | 00845nam a2200253 i 4500 | ||
|---|---|---|---|
| 001 | 107862 | ||
| 003 | ES-MaACL | ||
| 005 | 20250915063049.0 | ||
| 007 | t| | ||
| 008 | 061121s1973 sp r ||||1| spa d | ||
| 040 | _cES-MaACL | ||
| 100 | 1 |
_aMontanelli, Indro, _d1909-2001 _9242260 _eaut |
|
| 245 | 1 | 0 |
_aHistoria de los griegos : _bHistoria de Roma / _cIndro Montanelli; [traducción de Domingo Pruna]. |
| 260 |
_a[Barcelona] : _bPlaza y Janés, _c[1973] |
||
| 300 |
_a636 páginas ; _c18 cm. |
||
| 651 | 4 |
_98777 _aGrecia- _xHistoria |
|
| 651 | 7 |
_9137214 _aImperio romano- _xHistoria |
|
| 700 | 1 |
_aPruna, Domingo _994081 _etrl |
|
| 740 | 0 | _aHistoria de Roma. | |
| 852 |
_aES-MaACL _jC-49632 _bR.86070 _9111960 _cDEPO2 |
||
| 942 |
_cMONOGRAFIA _n0 |
||
| 999 |
_c107862 _d107862 |
||